Quizzes
Events
Quiz Creation
Community
Videos
Private Events
Remove Ads
Sign In
Join for FREE
Feedback
Dark Mode
Quiz Categories
Sports
Geography
Music
Movies
Television
Just For Fun
Miscellaneous
History
Literature
Language
Science
Gaming
Entertainment
Religion
Holiday
For Kids
Quiz Lab
Recent
Popular Today
Quiz Kudos Today
Editor Picks
Curator Picks
Quizzes by...
Day
Popularity
Type
Ratings
Length
Year
Community
Subscriptions
Recent Discussions
Orange Saloon
Badges
Playlists
Quests
Create
Leaderboards
Showdown
Live 5
Trivia Bingo
Activity
Puzzle Library
Sporcle Events
Private Events
Virtual Trivia
Globe League
Become a Host
Pub Owners
SporcleCon
Opinionation
Our Games
Videos
Blog
Mobile Apps
Partnerships
Remove Ads and Go Orange
Feedback
Literature
Harry Potter
A Song of Ice and Fire
The Hunger Games
Literary Character
Shakespeare
Book
Author
Novel
Poem
Young Adult
Children's Books
Play
Lord of the Rings
Literature
Harry Potter
A Song of Ice and Fire
The Hunger Games
Literary Character
Shakespeare
Book
Author
Novel
Poem
Young Adult
Children's Books
Play
Lord of the Rings
Random Quiz
Search Sporcle
×
Quiz Lab
Quiz Lab
Literature
Lord of the Rings
Type in answers that appear in a list
Type in answers that appear in a list
Classic
Best Score? Go Orange.
LOTR ARWEN Stats
Can you name the facts about Arwen from the LOTR Books and the Movies?
By
TheLoir
6m
22 Questions
402 Plays
402 Plays
402 Plays
Comments
Comments
Give Quiz Kudos
Give Quiz Kudos
-
- Ratings
hide this ad
More Info
Forced Order
Answers have to be entered in order
Answers have to be entered in order
Replay
Link that replays current quiz
Next Quiz
Link to next quiz in quiz playlist
You Got
0%
They Got
Avg Score
68%
Avg Friend Score
Upgrade to see
Score Distribution
Jump to the score distribution portion of the page
Score
0/22
Timer
06:00
0
Plays Today
Hint
Answer
% Correct
Easy One! Who is her father?
Elrond
98.8%
Who is Arwen's grandmother with whom she lived for many years?
Galadriel
86.6%
Who played Arwen in the Movies?
Liv Tyler
85.3%
Her full name is Arwen what?
Undomiel
80.1%
In the Book, who summons the flood that sweeps the Ringwraiths away?
Elrond
79.1%
A little harder, who is her mother?
Celebrian
78.6%
What race is she?
Half Elven
77.6%
In the Movies she rides with the wounded Frodo to Rivendell. Who fills this role in the Book?
Glorfindel
75.9%
In the Movie Arwen convinces her father to send what to Aragorn?
Anduril
75.9%
In the Movie, Aragorn sings of an Elf who like Arwen chooses a mortal life. Who is she?
Luthien
74.1%
In the Books she gives a gift of a necklace to whom?
Frodo
72.6%
Hint
Answer
% Correct
Can you name her twin brothers?
Elladan and Elrohir
70.6%
That name is Quenyan for what?
Evenstar
68.7%
Where does this flood happen?
Ford of Bruinen
66.7%
A little tougher one. Can you enLIGHTen us. Who is her paternal grandfather?
Earendil
64.9%
When she first met Aragorn she was 2710 years old. How old was he?
20
64.2%
It bears the emblem of Elendil. What color is it?
Black
59.2%
What is the name of the horse she rides?
Asfaloth
55.2%
Aragorn and Arwen have at least two daughters and one son. What is the son's name?
Eldarion
53.5%
In the Book, Arwen sends a gift to Aragorn before he leaves for the Paths of the Dead. What is it?
Banner
51.5%
She died one year after Aragorn Elessar at 2901 years of age. Where was she buried?
Cerin Amroth
37.3%
Her name, Arwen, is Sindarin. It means _
_
_
_
_
_
_
Noble or Royal Maiden
35.3%
Quiz Playlist
Details
Report
Send in Message
Add To Playlist
More Info:
A bit of a mixed bag, mostly information from the Books, but a few Movie questions also.
Classic:
Type in answers that appear in a list
Forced Order:
Answers have to be entered in order
Last Updated: Feb 16, 2017
Quiz Scoreboard
CHALLENGE
Sign Up to Join the Scoreboard
Show All
Scores
Hide
Comments
May contain spoilers
Recently Published
Billboard Blitz: Fleetwood Mac
by CooCooCachoo
Music
15s
Presidents Visiting Landmarks
by Hejman
History
7m
An Introduction to Baseball
by treessimontrees
Sports
5m
More to Explore
Quiz From the Vault
Featured Blog Post
Where Did the Easter Bunny Come From?
hide this ad
You Might Also Like...
Tags
Book Quiz
Lord of the Rings Quiz
Movie Characters Quiz
Aragorn
elf
JRR Tolkien
Rings Characters
Rings Movie
Today's Top Quizzes in Literature
Browse Literature
hide this ad
Today's Top Quizzes in Lord of the Rings
Browse Lord of the Rings
Top Contributed Quizzes in Literature
1
Sneaky Slytherin Logic Puzzle
2
Get The Picture: Black or White Literature
3
5-to-1: Plays
4
A Court of Thorns and Roses (ACoTaR) Logic Puzzle
5
One Thing in Common: Literature
6
One Thing in Common: Literature II
7
One Thing in Common: Books
8
One Thing in Common: Literature 3
9
Harry Potter Neighbourly Logic Puzzle #5
10
Literary Siblings Odd One Out III
Explore More
Trending Topics
Harry Potter
NBA
Disney
Anime
Kpop
Marvel
Crossword
The Office
Country
Soccer
NFL
Puzzle
Pokémon
Song
WWE
hide this ad
More By:
TheLoir
Quiz
Plays
Rating
Category
Featured
Created
Words That End In 'ISH'
64,706
4.39
Language
Feb 13, 2014
First Thanksgiving Facts
22,657
4.06
Holiday
Nov 1, 2013
Quick Pick: Places in the Shire
6,733
4.50
Just For Fun
Nov 1, 2013
Profile: Ulysses S. Grant
5,801
4.44
History
Aug 29, 2014
LOTR Hobbit Who's Who
3,915
4.83
Literature
Oct 1, 2013
Go to Creator's Profile
Score Distribution
Quiz Creator Spotlight
TheLoir
Follow
Send a Message
Quizzes Created
-
Created Quiz Play Count
-
More By This Creator
Popular Quizzes Today
1
Find the US States - No Outlines Minefield
2
Find the Countries of Europe - No Outlines Minefield
3
The Countries of the World
4
Find the US States
5
Risky Map Clicking: Biggest States A-Z
6
US States
7
Popular People in 1961
8
Movies - When Are They Set?
More Literature Quizzes
Untold Sherlock Holmes Stories
Editor's Pick
Trending Quizzes
Risky Map Clicking: Least Populous States A-Z
1-10 Letter G Words
1-10 Letter F Words
Risky Map Clicking: Next State Alphabetically
Click the Washington State Counties! (Map)
Recently Updated
Leaping Animals
pecheneg
Reality TV Shows (A-Z)
bhenderson79
Rickey Henderson's Hall of Fame Teammates
pecheneg
Champions League XIs: Arsenal
pecheneg
Quick Pick: Celebrities in WWE's Hall of Fame
aduchscher
A-Z Keypad Blitz II
pecheneg
Multiple Oscar Actors
pecheneg
Mystery Phrase Blitz: Oscar 'Best Actors'
pecheneg
F. Scott Fitzgerald Novels
LTH
Pick 3 Villains
ddd62291
Trending Topics
NBA
Crossword
Disney
Kpop
Harry Potter
Anime
Marvel
The Office
WWE
Soccer
Country
Pokémon
Puzzle
Song
NFL
Your Account Isn't Verified!
In order to create a playlist on Sporcle, you need to verify the email address you used during registration. Go to your
Sporcle Settings
to finish the process.
Report this User
Report this user for behavior that violates our
Community Guidelines
.
Details:
Send Report
Go to the Sporcle.com Mobile Site →
Comments